Statystyki dla Owoce

Kliknij tutaj aby rozwiązać quiz!

Ogólne statystyki

  • Ten quiz został rozwiązany 1 204 razy
  • Średni wynik to 22 z 32

Statystyki odpowiedzi

Odpowiedź% Poprawnych
Banan
100%
Gruszka
100%
Ananas
99%
Jabłko
99%
Kiwi
99%
Malina
98%
Pomarańcza
98%
Cytryna
97%
Mandarynka
96%
Truskawka
96%
Arbuz
95%
Limonka
95%
Śliwka
94%
Winogrono
84%
Mango
81%
Brzoskwinia
80%
Grejpfrut
75%
Porzeczka
74%
Jeżyna
72%
Liczi
69%
Pitaja (smoczy owoc)
67%
Melon
64%
Figa
47%
Morela
45%
Hurma (kaki)
38%
Marakuja (Męczennica jadalna)
38%
Aronia
35%
Opuncja
35%
Durian
28%
Oskomian pospolity (Karambola)
16%
Kumkwat
11%
Daktyl
10%

Rozkład punktacji

Percentyl według liczby udzielonych odpowiedzi

Procent ludzi z każdym wynikiem

Twoja historia wyników

Nie rozwiązałeś tego quizu